000 01341nam a22002897a 4500
005 20101206113148.0
008 101206t xxu||||| |||| 00| 0 hin d
010 _aHIN-91574
020 _c110.00
_a9788128826498
035 _aHN-63920
037 _bDBAD/PUB
040 _aDPL
_bHN
082 _a005.52
100 _924598
_aमिन्हास, देवेन्द्र सिंह
245 _aटिप्स एंड ट्रिक्स विन्डोज 2010 /
_cदेवेन्द्र सिंह मिन्हास
246 _aTips & Tricks Windows 2010
_bby Davinder Singh Minhas
260 _aनई दिल्ली
_bडायमंड पॉकेट बुक्स
_c2010
270 _ax-30 ओखला इंडस्ट्रियल एरिया, फेज-11
_bनई दिल्ली
_e110020
_k011- 41611861
_l011- 41611866
_msales@dpb.in
300 _a181पृ.
_c25सेमी (अजिल्द)
_bसचित्र
650 _91169
700 _924599
700 _925390
700 _925450
700 _925451
942 _2ddc
_cHN
_mमिन्हास
_h005.52
999 _c50011
_d50011